London unaffected by traffic charge (Record no. 73281)

MARC details
000 -LEADER
fixed length control field 01199cam a2200217 4500
008 - FIXED-LENGTH DATA ELEMENTS--GENERAL INFORMATION
fixed length control field 030827n2003 000 0 eng u
035 ## - SYSTEM CONTROL NUMBER
System control number (Sirsi) u123374
245 ## - TITLE STATEMENT
Title London unaffected by traffic charge
260 ## - PUBLICATION, DISTRIBUTION, ETC.
Date of publication, distribution, etc. 2003
490 ## - SERIES STATEMENT
Series statement Regeneration and Renewal
Volume/sequential designation 22 August 2003, 2(1)
490 ## - SERIES STATEMENT
Series statement London First Centre News Release
Volume/sequential designation 18 August 2003 (3)
520 ## - SUMMARY, ETC.
Summary, etc. A survey of central London businesses carried out on behalf of London First, reveals that they are largely unaffected by the congestion charge and contradicts a London Chamber of Commerce survey earlier this year that blamed a 60% downturn on the charge. Three quarters felt that their profit margins were unaffected by the charge and 91% had not changed the way they operate. However, most felt it too early to tell how the charge would affect London's overall economy. The survey results are available from London First, at http://www.london-first.co.uk/press_centre/newsreleasedetail.asp?L2=106&NewsReleaseId=2093.
590 ## - LOCAL NOTE (RLIN)
Local note WB
650 ## - SUBJECT ADDED ENTRY--TOPICAL TERM
Topical term or geographic name entry element LONDON
650 ## - SUBJECT ADDED ENTRY--TOPICAL TERM
Topical term or geographic name entry element CONGESTION CHARGING
650 ## - SUBJECT ADDED ENTRY--TOPICAL TERM
Topical term or geographic name entry element SURVEYS
650 ## - SUBJECT ADDED ENTRY--TOPICAL TERM
Topical term or geographic name entry element BUSINESSES
650 ## - SUBJECT ADDED ENTRY--TOPICAL TERM
Topical term or geographic name entry element ECONOMY
690 ## - LOCAL SUBJECT ADDED ENTRY--TOPICAL TERM (OCLC, RLIN)
Topical term or geographic name as entry element MANAGEMENT-BUSINESS MANAGEMENT
942 ## - ADDED ENTRY ELEMENTS (KOHA)
Suppress in OPAC 0
Holdings
Withdrawn status Lost status Source of classification or shelving scheme Damaged status Not for loan Home library Current library Shelving location Date acquired Total Checkouts Barcode Date last seen Copy number Price effective from Koha item type
    Dewey Decimal Classification     London London News article 27/08/2003   123374-1001 06/08/2019 1 06/08/2019 News article